Southville International School and Colleges
Your cart is empty.
  • Cart
  • Lists
    Public lists Eva Luna New books Lux_list list_1
    Your lists Log in to create your own lists
  • Log in to your account
  • Your cookies
  • Search history
Southville International School and Colleges
  • Advanced search
  • Recent comments
  • Most popular
  • Libraries

Log in to your account

Log in with GOOGLE


If you do not have an external account, but do have a local account, you can still log in:

  1. Home
  2. MARC view: A Bayard From Bengal :
Normal view MARC view ISBD view

A Bayard From Bengal : (Record no. 265958)

[ view plain ]
MARC details
000 -LEADER
fixed length control field 00755cam a22002293a 4500
001 - CONTROL NUMBER
control field 36703
003 - CONTROL NUMBER IDENTIFIER
control field PGUSA
005 - DATE AND TIME OF LATEST TRANSACTION
control field 20140828083811.0
008 - FIXED-LENGTH DATA ELEMENTS--GENERAL INFORMATION
fixed length control field 110711s2011||||xxu|||||s|||||000 | eng d
040 ## - CATALOGING SOURCE
Original cataloging agency PGUSA
Language of cataloging eng
042 ## - AUTHENTICATION CODE
Authentication code dc
100 1# - MAIN ENTRY--PERSONAL NAME
Personal name Jabberjee, Hurry Bungsho
245 12 - TITLE STATEMENT
Title A Bayard From Bengal :
Remainder of title Being some account of the Magnificent and Spanking Career of Chunder Bindabun Bhosh,...
Medium [electronic resource] /
Statement of responsibility, etc Hurry Bungsho Jabberjee
260 ## - PUBLICATION, DISTRIBUTION, ETC. (IMPRINT)
Name of publisher, distributor, etc Project Gutenberg,
Date of publication, distribution, etc 2011
506 ## - RESTRICTIONS ON ACCESS NOTE
Terms governing access Public domain in the USA.
516 ## - TYPE OF COMPUTER FILE OR DATA NOTE
Type of computer file or data note Electronic text
700 1# - ADDED ENTRY--PERSONAL NAME
Personal name Anstey, F.,
Dates associated with a name 1856-1934
700 1# - ADDED ENTRY--PERSONAL NAME
Personal name Partridge, Bernard,
Dates associated with a name 1861-1945
830 #0 - SERIES ADDED ENTRY--UNIFORM TITLE
Uniform title Project Gutenberg
Volume number/sequential designation 36703
856 40 - ELECTRONIC LOCATION AND ACCESS
Uniform Resource Identifier <a href="http://www.gutenberg.org/ebooks/36703">http://www.gutenberg.org/ebooks/36703</a>
942 ## - ADDED ENTRY ELEMENTS (KOHA)
Koha item type eBooks
Holdings
Withdrawn status Lost status Damaged status Home library Current library Date acquired Total Checkouts Date last seen Price effective from Koha item type
      Project Gutenberg Project Gutenberg 08/28/2014   08/28/2014 08/28/2014 eBooks

A Bayard From Bengal :

APA

Jabberjee H. B., Anstey F. & Partridge B. (2011). A Bayard From Bengal. : Project Gutenberg.

Chicago

Jabberjee Hurry Bungsho, Anstey F and Partridge Bernard. 2011. A Bayard From Bengal. : Project Gutenberg.

Harvard

Jabberjee H. B., Anstey F. and Partridge B. (2011). A Bayard From Bengal. : Project Gutenberg.

MLA

Jabberjee Hurry Bungsho, Anstey F and Partridge Bernard. A Bayard From Bengal. : Project Gutenberg. 2011.

  • Place hold
  • Print
  • Cite
  • Add to your cart (remove)
  • Save record
    BIBTEX Dublin Core MARCXML MARC (non-Unicode/MARC-8) MARC (Unicode/UTF-8) MARC (Unicode/UTF-8, Standard) MODS (XML) RIS
  • More searches
    Search for this title in:
    Other Libraries (WorldCat) Other Databases (Google Scholar) Online Stores (Bookfinder.com) Open Library (openlibrary.org)

Exporting to Dublin Core...

SOUTHVILLE LIBRARY

Southville International School and Colleges Library

1281 Tropical Ave. Cor. Luxembourg St., BF Homes International, Las Pinas City

Tel. No. 8256374 / 252358 Loc. 117/146

Powered by Koha